000 00783nam a2200205 a 4500
001 3600
005 20140414132031.0
008 040603s19uu xx 00 eng d
020 _a0-394-88772-7
050 _aTR
_bON1 1996
100 _aHindley, Judy
245 _aOnce there was a house /
_cdevised by Gregg Reyes; written by Judy Hindley; illustrated by Robert Bartelt.
260 _aNew York :
_bWilliam Collins Sons,
_c1996.
300 _a1 v. (unp.) : ill. ; cm.
500 _aTR\PS
520 _aA small story of children playing imaginatively with cartons and other household materials used as houses, furniture, gas station, and tools is accompanied by the directions for making these things.
650 _aPlay
_xFiction.
650 _aHandicraft.
999 _c113620
_d113620